Court of Appeal Civil Application No. 35 OF 2001 National Social Security Fund Vs Bank of Baroda Uganda Limited (Record no. 3538)

MARC details
000 -LEADER
fixed length control field 00587nam a22001217a 4500
008 - FIXED-LENGTH DATA ELEMENTS--GENERAL INFORMATION
fixed length control field 110622t xxu||||| |||| 00| 0 eng d
010 ## - LIBRARY OF CONGRESS CONTROL NUMBER
LC control number CACAF69
245 ## - TITLE STATEMENT
Title Court of Appeal Civil Application No. 35 OF 2001 National Social Security Fund Vs Bank of Baroda Uganda Limited
260 ## - PUBLICATION, DISTRIBUTION, ETC. (IMPRINT)
Date of publication, distribution, etc 2001
500 ## - GENERAL NOTE
General note Coram: Hon. Mr. Justice G.M. Okello, JA<br/> Hon. Mr. Justice J.P. Berko, JA<br/> Hon. Mr. Justice S.G. Engwau, JA
500 ## - GENERAL NOTE
General note Arising from Civil Appeal No. 36 of 2000
Holdings
Withdrawn status Lost status Source of classification or shelving scheme Damaged status Koha normalized classification for sorting Not for loan Location (home branch) Sublocation or collection (holding branch) Shelving location Date acquired Koha issues (times borrowed) Koha full call number Piece designation (barcode) Koha date last seen Price effective from Koha item type
    Dewey Decimal Classification   CACA_F_69   Law Development Centre Main Library Law Development Centre Main Library Law Reports 06/22/2011   CACA F_69 35/2001/1 06/22/2011 06/22/2011 Un Reported Cases